[Event "Challenge"]
[Site "http://www.queenalice.com/game.php?id=115082"]
[Date "2006.10.9"]
[Round "-"]
[White "velkan_cu"]
[Black "kingpodrera"]
[Result "1-0"]
[WhiteElo "1577"]
[BlackElo "1749"]

1. e4 e5 2. Nf3 Nc6 3. Bc4 d6 4. d4 exd4 5. Nxd4 Ne5 6. Bf4 Nxc4 7. O-O Nxb2 8.
Qe2 c6 9. c4 Qf6 10. Be3 Na4 11. Rc1 Be7 12. Nd2 Nh6 13. Rab1 Ng4 14. Rb4 c5 15.
Rxa4 cxd4 16. Bxd4 Qxd4 17. Nf3 1-0

[Event "Challenge"]
[Site "http://www.queenalice.com/game.php?id=116401"]
[Date "2006.10.12"]
[Round "-"]
[White "robertolm"]
[Black "kingpodrera"]
[Result "0-1"]
[WhiteElo "1400"]
[BlackElo "1780"]

1. c4 c5 2. d4 cxd4 3. Qxd4 Nc6 4. Qe3 g6 5. Nf3 Bg7 6. h4 d6 7. h5 Qb6 8. Nc3
Qxe3 9. Bxe3 Bg4 10. hxg6 hxg6 0-1

[Event "Challenge"]
[Site "http://www.queenalice.com/game.php?id=119315"]
[Date "2006.10.20"]
[Round "-"]
[White "kingpodrera"]
[Black "Chessmachado"]
[Result "0-1"]
[WhiteElo "1795"]
[BlackElo "1633"]

1. d4 Nf6 2. c4 e6 3. e3 Bb4+ 4. Bd2 Bxd2+ 5. Nxd2 d5 6. Ngf3 c5 7. dxc5 dxc4 8.
Qa4+ Nc6 9. Nxc4 O-O 10. Rd1 Qc7 11. Nd6 Bd7 12. Bb5 Rfd8 13. O-O a6 14. Be2 Ne5
15. Qa3 Nxf3+ 16. Bxf3 Bc6 17. e4 e5 18. Rd2 b5 19. cxb6 Qxb6 0-1

[Event "Challenge"]
[Site "http://www.queenalice.com/game.php?id=119390"]
[Date "2006.10.21"]
[Round "-"]
[White "kingpodrera"]
[Black "Polux"]
[Result "1-0"]
[WhiteElo "1782"]
[BlackElo "1520"]

1. e4 c5 2. Nf3 d6 3. d4 cxd4 4. Nxd4 e5 5. Bb5+ Nd7 6. Nf5 Qa5+ 7. Nc3 a6 8.
Ba4 b5 9. Bb3 Bb7 10. Nxd6+ Bxd6 11. Qxd6 Bxe4 12. Bg5 Bf5 13. Qd5 f6 14. Qxa8+
Ke7 15. Bd2 Nh6 16. Qxh8 b4 17. Nd5+ Ke6 18. Bxb4 Qxd5 19. Qe8# 1-0

[Event "Dae kra, bora jogar?"]
[Site "http://www.queenalice.com/game.php?id=123977"]
[Date "2006.10.31"]
[Round "-"]
[White "kingpodrera"]
[Black "Agildo_Santos"]
[Result "1-0"]
[WhiteElo "1725"]
[BlackElo "1500"]

1. d4 Nf6 2. c4 g6 3. Nc3 d5 4. cxd5 Nxd5 5. e4 Nxc3 6. bxc3 Bg7 7. Nf3 c5 8.
Be3 O-O 9. Rb1 cxd4 10. cxd4 Qa5+ 11. Qd2 Nc6 12. Qxa5 Nxa5 13. d5 a6 14. Bd2 b6
15. Rxb6 Nb7 16. Bb4 Nd6 17. Bxd6 Bc3+ 18. Ke2 exd6 19. Rxd6 Rb8 20. Ke3 a5 21.
Bd3 Bb4 22. Rc6 Bb7 23. Rc2 Rfe8 24. Kd4 Rec8 25. Rhc1 a4 26. Rb1 Rxc2 27. Bxc2
Ba6 28. Ne5 Rc8 29. Nc6 Bf8 30. Bxa4 Rc7 31. e5 Bb7 32. d6 1-0

[Event "Challenge"]
[Site "http://www.queenalice.com/game.php?id=148513"]
[Date "2006.12.31"]
[Round "-"]
[White "FENIX_40"]
[Black "kingpodrera"]
[Result "0-1"]
[WhiteElo "1413"]
[BlackElo "1736"]

1. e4 Nf6 2. Nc3 e5 3. Bc4 Bb4 4. Nd5 Nxd5 5. Bxd5 c6 6. Bb3 O-O 7. Nf3 d6 8. c3
Ba5 9. d3 b5 10. d4 exd4 11. Qxd4 Bb6 12. Qd3 Na6 13. Bc2 Nc5 14. Bg5 Nxd3+ 15.
Bxd3 f6 16. Bf4 f5 17. Bg5 Qe8 18. O-O-O fxe4 19. Rhe1 d5 20. Rd2 Qh5 21. Be2
exf3 22. gxf3 Qxg5 23. b3 Bxf2 24. Rd1 Be3 25. Kc2 Bf5+ 26. Rd3 Qg2 27. Rd2 Bxd2
28. Kxd2 Bxd3 29. Kxd3 Rae8 30. Bd1 Re1 31. Bc2 Rxf3+ 32. Kd4 Qf2# 0-1

[Event "Challenge"]
[Site "http://www.queenalice.com/game.php?id=292524"]
[Date "2007.10.24"]
[Round "-"]
[White "FENIX_RJ"]
[Black "kingpodrera"]
[Result "1-0"]
[WhiteElo "1470"]
[BlackElo "1705"]

1. e4 e6 2. Bb5 c6 3. Ba4 d5 4. d4 dxe4 5. Qe2 Qxd4 6. c4 Nf6 7. f3 Bb4+ 8. Nd2
e3 9. Kd1 exd2 10. Bxd2 Qxb2 11. Rc1 Qxa2 12. Bc2 Bxd2 13. Qxd2 Qxc4 14. Ne2 Qd5
15. Nf4 Qxd2+ 16. Kxd2 a5 17. Ba4 Ke7 18. Rhe1 Rd8+ 19. Kc3 b5 20. Bb3 1-0

[Event "AUTO-ADV-701"]
[Site "http://www.queenalice.com/game.php?id=298677"]
[Date "2007.11.5"]
[Round "1"]
[White "leduar"]
[Black "kingpodrera"]
[Result "1-0"]
[WhiteElo "1890"]
[BlackElo "1778"]

1. e4 e6 2. d4 d5 3. exd5 exd5 4. Nc3 Nf6 5. Bg5 Be7 6. Bxf6 Bxf6 7. Qe2+ Be6 8.
Qb5+ c6 9. Qxb7 Nd7 10. Qxc6 Bxd4 11. Nge2 Rc8 12. Qa4 Rc4 13. Qb3 Bc5 14. O-O-O
Rb4 15. Qa3 Qg5+ 16. Kb1 O-O 17. Qa5 Rfb8 18. b3 Bxf2 19. a3 1-0

[Event "AUTO-ADV-701"]
[Site "http://www.queenalice.com/game.php?id=298678"]
[Date "2007.11.5"]
[Round "1"]
[White "kingpodrera"]
[Black "leduar"]
[Result "1-0"]
[WhiteElo "1751"]
[BlackElo "1945"]

1. e4 c6 2. d4 d5 3. Nc3 dxe4 4. Nxe4 Bf5 5. Ng3 Bg6 6. h4 h5 7. N1e2 c5 8. d5
Nf6 9. Nf4 Qd6 10. Nxg6 fxg6 11. Bd3 Qe5+ 12. Ne2 Kf7 13. c4 e6 14. Qb3 b6 15.
Bf4 1-0

[Event "Challenge"]
[Site "http://www.queenalice.com/game.php?id=682469"]
[Date "2009.11.13"]
[Round "-"]
[White "kingpodrera"]
[Black "naugard12"]
[Result "1-0"]
[WhiteElo "1690"]
[BlackElo "1511"]

1. e4 e5 2. Nf3 Nc6 3. Bb5 a6 4. Ba4 b5 5. Bb3 Nf6 6. d3 Bb4+ 7. c3 Ba5 8. O-O
O-O 9. Bg5 d6 10. Bd5 Bb7 11. a4 b4 12. Nbd2 bxc3 13. bxc3 Bxc3 14. Rc1 Bxd2 15.
Qxd2 Qe8 16. Bxf6 gxf6 17. Qh6 Qe7 18. Bxc6 Bxc6 19. Rxc6 Qd7 20. Nh4 1-0

[Event "Challenge"]
[Site "http://www.queenalice.com/game.php?id=683094"]
[Date "2009.11.14"]
[Round "-"]
[White "thedead"]
[Black "kingpodrera"]
[Result "0-1"]
[WhiteElo "1671"]
[BlackElo "1699"]

1. e4 e6 2. d4 d5 3. e5 c5 4. c3 Qb6 5. Nf3 Nc6 6. a3 cxd4 7. cxd4 Bd7 8. b4 a6
9. Be3 Nge7 10. Bd3 Ng6 11. Nc3 Na7 12. O-O Rc8 13. Rc1 Be7 14. Qe2 Bc6 15. Rfe1
Bd7 16. Ng5 a5 17. b5 Qd8 18. Qd2 Bxa3 19. Rc2 h6 20. Nf3 Bb4 0-1

[Event "Challenge"]
[Site "http://www.queenalice.com/game.php?id=718611"]
[Date "2010.1.22"]
[Round "-"]
[White "kingpodrera"]
[Black "viniciussantos"]
[Result "1-0"]
[WhiteElo "1714"]
[BlackElo "1696"]

1. e4 e5 2. Nf3 Nc6 3. Bb5 a6 4. Ba4 Bc5 5. c3 Nf6 6. O-O b5 7. Bc2 O-O 8. d4
Bd6 9. dxe5 Nxe5 10. Nxe5 Bxe5 11. f4 Bxf4 12. Bxf4 c6 13. Bd6 Re8 14. e5 Nd5
15. Bxh7+ Kxh7 16. Qh5+ Kg8 17. Qxf7+ Kh7 18. Rf5 Qh4 19. Rh5+ 1-0

[Event "Challenge"]
[Site "http://www.queenalice.com/game.php?id=718613"]
[Date "2010.1.22"]
[Round "-"]
[White "viniciussantos"]
[Black "kingpodrera"]
[Result "0-1"]
[WhiteElo "1693"]
[BlackElo "1729"]

1. e4 e6 2. d4 d5 3. e5 c5 4. c3 Nc6 5. Nf3 Qb6 6. Bd3 Bd7 7. Be3 Qxb2 8. Nbd2
Qxc3 9. Be2 cxd4 10. Rc1 Qb4 11. Rb1 Qa5 12. Nxd4 Nxd4 13. Bxd4 Bb4 14. Be3 Ne7
15. O-O Nf5 16. Nf3 Nxe3 17. fxe3 O-O 18. Bd3 Bc5 19. Nd4 Bb6 20. Qe2 Rac8 21.
Nf3 Qc5 22. Rbe1 Qa3 23. Ng5 g6 24. Nxh7 Kxh7 25. Qh5+ Kg7 26. Rxf7+ Rxf7 27.
Qxg6+ Kf8 28. Qh6+ Kg8 29. Bg6 Bxe3+ 30. Qxe3 Qxe3+ 31. Rxe3 Rc1+ 0-1